[Event "Nuremberg-ch op 02nd"]
[Site "Nuremberg"]
[Date "2002.06.23"]
[Round "4"]
[White "Daas, Antwan"]
[Black "Hegele, Juergen"]
[Result "0-1"]
[WhiteElo "1555"]
[BlackElo "1828"]
[PlyCount "78"]
[EventDate "2002.06.21"]
[EventType "swiss"]
[EventRounds "5"]
[EventCountry "GER"]
[SourceTitle "EXT 2006"]
[Source "ChessBase"]
[SourceDate "2005.11.24"]
[SourceVersion "1"]
[SourceVersionDate "2005.11.24"]
[SourceQuality "1"]

1. d4 Nf6 2. c4 e6 3. Nc3 Bb4 4. Bd2 c5 5. a3 Bxc3 6. Bxc3 cxd4 7. Bxd4 Nc6 8. Bc3 0-0 9. e3 e5 10. Qc2 Qe7 11. Nf3 d5 12. 0-0-0 dxc4 13. Bxc4 Bg4 14. Bb5 Rac8 15. Kb1 a6 16. Bxc6 Rxc6 17. Nxe5 Bxd1 18. Qxd1 Rxc3 19. bxc3 Qxe5 20. Qd4 Qxd4 21. exd4 Ne4 22. Kc2 Rc8 23. f3 Nxc3 24. Kd3 Nd5 25. Ke4 Nf6+ 26. Ke5 Kf8 27. Rb1 b5 28. d5 Rc5 29. Rd1 Ke7 30. g4 Nd7+ 31. Ke4 Kd6 32. g5 Nb6 33. f4 Rxd5 34. Rc1 Rc5 35. Rd1+ Kc6 36. Rd8 Nc4 37. Rf8 Nd6+ 38. Kd4 Rc4+ 39. Ke5 Re4# 0-1

[Event "Nuremberg-ch op 02nd"]
[Site "Nuremberg"]
[Date "2002.06.23"]
[Round "5"]
[White "Kirsch, Heinrich"]
[Black "Daas, Antwan"]
[Result "1-0"]
[WhiteElo "1642"]
[BlackElo "1555"]
[PlyCount "41"]
[EventDate "2002.06.21"]
[EventType "swiss"]
[EventRounds "5"]
[EventCountry "GER"]
[SourceTitle "EXT 2006"]
[Source "ChessBase"]
[SourceDate "2005.11.24"]
[SourceVersion "1"]
[SourceVersionDate "2005.11.24"]
[SourceQuality "1"]

1. d4 Nf6 2. Bf4 d5 3. c3 Bf5 4. h3 Nbd7 5. Nd2 c5 6. e3 a6 7. Ngf3 c4 8. Be2 e6 9. 0-0 Be7 10. b3 b5 11. bxc4 dxc4 12. Nh4 Bxh3 13. gxh3 Nd5 14. Ng2 Nxc3 15. Qe1 Nb6 16. Bf3 Ra7 17. Bc6+ Nd7 18. Nxc4 Bb4 19. a3 Ba5 20. Nxa5 Qxa5 21. Rc1 1-0

[Event "Nuremberg-ch op 02nd"]
[Site "Nuremberg"]
[Date "2002.06.21"]
[Round "1"]
[White "Schloetterer, Hermann"]
[Black "Daas, Antwan"]
[Result "1-0"]
[WhiteElo "2121"]
[BlackElo "1555"]
[PlyCount "42"]
[EventDate "2002.06.21"]
[EventType "swiss"]
[EventRounds "5"]
[EventCountry "GER"]
[SourceTitle "EXT 2006"]
[Source "ChessBase"]
[SourceDate "2005.11.24"]
[SourceVersion "1"]
[SourceVersionDate "2005.11.24"]
[SourceQuality "1"]

1. d4 d5 2. g3 Nf6 3. Bg2 g6 4. Nf3 Bg7 5. 0-0 0-0 6. c4 dxc4 7. Na3 Bf5 8. Ng5 c6 9. Nxc4 h6 10. Nf3 Be4 11. Ncd2 Bd5 12. Qc2 Bxf3 13. Nxf3 Nh5 14. Rd1 Kh7 15. e4 Nd7 16. Be3 Qc7 17. Rac1 Rac8 18. b4 e6 19. d5 exd5 20. exd5 Nb6 21. dxc6 Qxc6 1-0

[Event "Nuremberg-ch op 01st"]
[Site "Nuremberg"]
[Date "2001.06.01"]
[Round "1"]
[White "Daas, Antwan"]
[Black "Heimrath, Reiner"]
[Result "0-1"]
[WhiteElo "1800"]
[BlackElo "2312"]
[PlyCount "59"]
[EventDate "2001.06.01"]
[EventType "swiss"]
[EventRounds "5"]
[EventCountry "GER"]
[SourceTitle "EXT 2003"]
[Source "ChessBase"]
[SourceDate "2002.11.25"]
[SourceVersion "1"]
[SourceVersionDate "2002.11.25"]
[SourceQuality "1"]

1. d4 Nf6 2. c4 e6 3. Nc3 Bb4 4. Nf3 0-0 5. a3 Bxc3+ 6. bxc3 Ne4 7. e3 f5 8. Bd2 b6 9. d5 Bb7 10. Qb3 Na6 11. Qa2 Nac5 12. Nd4 Qh4 13. g3 Qh5 14. Be2 Qf7 15. Nb5 a6 16. Nd4 exd5 17. Rd1 Kh8 18. f3 Nxd2 19. Rxd2 Rae8 20. Nc2 Qf6 21. Rd4 dxc4 22. Qxc4 d5 23. Qa2 Ne6 24. Rd3 c5 25. c4 dxc4 26. Qxc4 b5 27. Qa2 c4 28. Rd7 Nc5 29. Rd4 Rxe3 30. Rf4 0-1